[Event "FISU World University-ch 2020"]
[Site "Online"]
[Date "2020.10.26"]
[Round "2.6"]
[White "Paiva, Henrique M A Alberga"]
[Black "Molenda, Marcin"]
[Result "1/2-1/2"]
[WhiteElo "2068"]
[BlackElo "2349"]
[Annotator "TA"]
[PlyCount "121"]
[EventDate "2020.10.26"]
[SourceTitle "playchess.com"]
[Source "ChessBase"]
[SourceQuality "1"]

1. e4 c6 2. d4 d5 3. Nc3 dxe4 4. Nxe4 Nd7 5. Nf3 Ngf6 6. Ng3 e6 7. Bd3 Be7 8. O-O c5 9. c3 O-O 10. Re1 b6 11. Ne5 Bb7 12. Be3 Nxe5 13. dxe5 Qd5 14. Qf3 Qxf3 15. gxf3 Nd5 16. Be4 Rab8 17. Rad1 Rfd8 18. Bc1 c4 19. f4 g6 20. Bg2 b5 21. Ne4 Kf8 22. Rd4 Nb6 23. Red1 Rxd4 24. Rxd4 Bxe4 25. Bxe4 Bc5 26. Rd1 Ke7 27. Kg2 a6 28. b4 cxb3 29. axb3 a5 30. Bc6 b4 31. c4 Rc8 32. Bb5 Rd8 33. Rxd8 Kxd8 34. Kf3 Nd7 35. Bxd7 Kxd7 36. Be3 Bxe3 37. Kxe3 Kc6 38. Kd4 Kb6 39. f3 Kc6 40. Ke4 Kc5 41. Kd3 h6 42. h4 h5 43. Kc2 Kd4 44. Kb2 a4 45. Ka2 a3 46. Ka1 g5 47. fxg5 Kxe5 48. Ka2 Kd4 49. Ka1 Kc5 50. Ka2 Kd6 51. Ka1 Ke5 52. Ka2 Kf4 53. Ka1 Kf5 54. Ka2 e5 55. Ka1 Ke6 56. Ka2 Kd6 57. Ka1 Kc5 58. Ka2 Kd4 59. Ka1 Kc5 60. Ka2 Kc6 61. Ka1 1/2-1/2

[Event "FISU World University-ch 2020"]
[Site "Online"]
[Date "2020.10.26"]
[Round "2.6"]
[White "Santos, Rita Alexandra L Sil"]
[Black "Kubicka, Anna"]
[Result "0-1"]
[WhiteElo "1606"]
[BlackElo "2252"]
[Annotator "TA"]
[PlyCount "68"]
[EventDate "2020.10.26"]
[SourceTitle "playchess.com"]
[Source "ChessBase"]
[SourceQuality "1"]

1. e4 c6 2. d4 d5 3. exd5 cxd5 4. Bd3 Nf6 5. Bf4 Bg4 6. Nf3 e6 7. h3 Bh5 8. Nbd2 Bd6 9. Be5 Nc6 10. Qc1 O-O 11. O-O Rc8 12. c3 Bg6 13. Qc2 Nb4 14. Qb3 Nxd3 15. Bxd6 Qxd6 16. g3 e5 17. Rad1 e4 18. Nh4 e3 19. fxe3 Qxg3+ 20. Ng2 Be4 21. Nxe4 dxe4 22. Qb5 Qxh3 23. Qg5 Ng4 24. Qh4 Qxh4 25. Nxh4 Nxe3 26. Rxd3 exd3 27. Rf3 d2 28. Rxe3 d1=Q+ 29. Kf2 Rfe8 30. Rf3 Re2+ 31. Kg3 Qg1+ 32. Kf4 Rce8 33. Rg3 R2e4+ 34. Kf3 Qf1# 0-1

[Event "FISU World University-ch 2020"]
[Site "Online"]
[Date "2020.10.26"]
[Round "2.7"]
[White "Garcia Martin, Marta"]
[Black "Sanchez Sandoval, Gonzalo"]
[Result "1-0"]
[WhiteElo "2328"]
[BlackElo "2358"]
[Annotator "TA"]
[PlyCount "75"]
[EventDate "2020.10.26"]
[SourceTitle "playchess.com"]
[Source "ChessBase"]
[SourceQuality "1"]

1. e4 c5 2. Nf3 d6 3. Bb5+ Bd7 4. Bxd7+ Nxd7 5. O-O Ngf6 6. Qe2 Rc8 7. c3 e6 8. d4 cxd4 9. cxd4 d5 10. e5 Ne4 11. Be3 Be7 12. Ne1 h6 13. f3 Ng5 14. Nc3 O-O 15. Nd3 Nb6 16. Rac1 Nc4 17. Bf2 Qb6 18. b3 Na3 19. Nc5 a6 20. Nd7 Qa5 21. Nxf8 Rxf8 22. Na4 Nb5 23. Nc5 b6 24. Na4 f5 25. Qd3 Bb4 26. Rc6 Rb8 27. Rfc1 Kf7 28. h4 Nh7 29. g4 g6 30. h5 Rg8 31. Rc8 Nf8 32. hxg6+ Rxg6 33. Kh2 fxg4 34. Rg1 h5 35. fxg4 hxg4 36. Bh4 Rh6 37. Rxg4 Be1 38. Qf3+ 1-0

[Event "FISU World University-ch 2020"]
[Site "Online"]
[Date "2020.10.26"]
[Round "2.7"]
[White "Torrijos Garcia, Borja"]
[Black "Pinochet Gonzalez, Luis Enrique"]
[Result "0-1"]
[WhiteElo "2130"]
[BlackElo "1753"]
[Annotator "TA"]
[PlyCount "140"]
[EventDate "2020.10.26"]
[SourceTitle "playchess.com"]
[Source "ChessBase"]
[SourceQuality "1"]

1. e4 d6 2. Nc3 Nf6 3. h3 c5 4. Nf3 g6 5. Bc4 Bg7 6. O-O O-O 7. d3 Nc6 8. Be3 a6 9. a4 b6 10. Qd2 e6 11. Bh6 d5 12. Bxg7 Kxg7 13. exd5 exd5 14. Bb3 Qd6 15. Rae1 h6 16. Ne2 b5 17. c3 Bf5 18. Ng3 Be6 19. Re2 Rfd8 20. Rfe1 c4 21. Bc2 d4 22. Rd1 dxc3 23. bxc3 cxd3 24. Bxd3 Bb3 25. Bc2 Qc5 26. Qe1 bxa4 27. Rb1 Rab8 28. Ra1 a5 29. Be4 Re8 30. Nh4 Ne7 31. Qc1 g5 32. Nhf5+ Nxf5 33. Nxf5+ Kf8 34. Ng3 Qc4 35. Qe3 Nd5 36. Qd4 Qxd4 37. cxd4 Nc3 38. Re3 Nxe4 39. Nxe4 Rbd8 40. Nc5 Rxd4 41. Nxb3 axb3 42. Rxb3 a4 43. Rba3 Ra8 44. Re1 Rb4 45. g3 Rb3 46. Rea1 Rxa3 47. Rxa3 Ke7 48. Kg2 Kd6 49. Kf3 Kc5 50. Kg4 Kb4 51. Ra1 a3 52. Kf5 Ra6 53. f4 gxf4 54. gxf4 Kb3 55. Ke5 Kb2 56. Rg1 a2 57. Rg2+ Kb3 58. Rg3+ Kc4 59. Rg1 a1=Q+ 60. Rxa1 Rxa1 61. Kf6 Ra7 62. h4 Kd4 63. h5 Ke4 64. Kg7 Kxf4 65. Kxh6 Kg4 66. Kg7 f5+ 67. Kg6 f4 68. h6 f3 69. h7 Rxh7 70. Kxh7 f2 0-1

[Event "FISU World University-ch 2020"]
[Site "Online"]
[Date "2020.10.26"]
[Round "2.7"]
[White "Barriga Silva, Felipe"]
[Black "Nieves Cabanes, Jose Manuel"]
[Result "0-1"]
[WhiteElo "2125"]
[BlackElo "2293"]
[Annotator "TA"]
[PlyCount "106"]
[EventDate "2020.10.26"]
[SourceTitle "playchess.com"]
[Source "ChessBase"]
[SourceQuality "1"]

1. e4 e5 2. Nf3 Nc6 3. Bb5 a6 4. Ba4 Nf6 5. O-O Be7 6. d3 b5 7. Bb3 d6 8. a4 Bb7 9. Re1 O-O 10. Nbd2 Nd7 11. Nf1 Nc5 12. axb5 axb5 13. Rxa8 Qxa8 14. Bd5 Nd8 15. Ne3 c6 16. Nf5 Bf6 17. b4 cxd5 18. bxc5 dxe4 19. dxe4 dxc5 20. Nd6 Ne6 21. Qe2 Ba6 22. Bb2 b4 23. Qe3 Nd4 24. Nxd4 cxd4 25. Qb3 Qc6 26. Nf5 g6 27. Nh6+ Kg7 28. Qxb4 Qc8 29. Qd2 Qe6 30. h3 Rb8 31. Bc1 Be7 32. Ng4 h5 33. Nh2 Bb4 34. Qh6+ Kg8 35. Bd2 Bf8 36. Qg5 Rb2 37. g4 Qe7 38. Rc1 Qxg5 39. Bxg5 Be2 40. gxh5 gxh5 41. Bf6 Bh6 42. Ra1 Bf4 43. Ra5 Rxc2 44. Kg2 d3 45. Nf3 d2 46. Ra8+ Kh7 47. Nh4 Bf3+ 48. Kxf3 d1=Q+ 49. Kg2 Rxf2+ 50. Kxf2 Qd2+ 51. Kf1 Qd3+ 52. Kg1 Qg3+ 53. Ng2 Be3+ 0-1

[Event "FISU World University-ch 2020"]
[Site "Online"]
[Date "2020.10.26"]
[Round "2.8"]
[White "Makhnev, Denis"]
[Black "Zarubitski, Viachaslau"]
[Result "1-0"]
[WhiteElo "2486"]
[BlackElo "2442"]
[Annotator "TA"]
[PlyCount "81"]
[EventDate "2020.10.26"]
[SourceTitle "playchess.com"]
[Source "ChessBase"]
[SourceQuality "1"]

1. d4 d5 2. c4 c6 3. Nf3 Nf6 4. Qb3 dxc4 5. Qxc4 Bf5 6. g3 e6 7. Bg2 Nbd7 8. O-O Be7 9. e3 O-O 10. Qe2 Qa5 11. Nc3 Ne4 12. Bd2 Nxd2 13. Nxd2 Rad8 14. a3 Rfe8 15. b4 Qc7 16. Rfc1 Qb8 17. Nb3 Bg6 18. Na5 a6 19. Ra2 Nb6 20. Rd2 Nd5 21. Ne4 e5 22. Nc5 exd4 23. Rxd4 Bxc5 24. Rxc5 Nc3 25. Qd2 Rxd4 26. exd4 Ne4 27. Bxe4 Bxe4 28. Re5 Bd5 29. Qe3 Rxe5 30. Qxe5 Qxe5 31. dxe5 b6 32. Nb7 c5 33. Nd6 cxb4 34. axb4 a5 35. bxa5 bxa5 36. f4 a4 37. Nb5 f6 38. exf6 gxf6 39. Kf2 Kf7 40. g4 Bc4 41. Nd6+ 1-0

[Event "FISU World University-ch 2020"]
[Site "Online"]
[Date "2020.10.26"]
[Round "2.8"]
[White "Nikitenko, Mihail"]
[Black "Serikbay, Assel"]
[Result "1-0"]
[WhiteElo "2436"]
[BlackElo "2247"]
[Annotator "TA"]
[PlyCount "97"]
[EventDate "2020.10.26"]
[SourceTitle "playchess.com"]
[Source "ChessBase"]
[SourceQuality "1"]

1. c4 e5 2. g3 Nf6 3. Bg2 c6 4. d4 exd4 5. Qxd4 d5 6. Nf3 Be7 7. O-O O-O 8. cxd5 cxd5 9. Nc3 Nc6 10. Qa4 h6 11. Be3 Ng4 12. Bf4 Be6 13. Rad1 a6 14. e4 b5 15. Qc2 d4 16. Nd5 Rc8 17. Qe2 Bc5 18. a4 Re8 19. axb5 Bxd5 20. bxc6 Rxe4 21. Qxa6 Rxc6 22. Qd3 Rce6 23. Rc1 Qb6 24. Nd2 f5 25. Nxe4 fxe4 26. Qc2 Bf8 27. Rcd1 d3 28. Qc8 Nf6 29. Rfe1 Re8 30. Qc1 Bb4 31. Bd2 Ng4 32. Bxb4 Qxf2+ 33. Kh1 Qd4 34. Rf1 Qxb4 35. Qf4 Nf6 36. Rxd3 Bc4 37. Rd4 Qb5 38. Re1 Bd3 39. b4 Rf8 40. Qd6 Rb8 41. Qc5 Qxc5 42. bxc5 Rc8 43. Rc1 Kf7 44. c6 Ke7 45. c7 Ba6 46. Bh3 e3 47. Bxc8 Bxc8 48. Rd8 Bb7+ 49. Kg1 1-0

[Event "FISU World University-ch 2020"]
[Site "Online"]
[Date "2020.10.26"]
[Round "2.8"]
[White "Turar, Dastan"]
[Black "Ivannikau, Maksim"]
[Result "1/2-1/2"]
[WhiteElo "2229"]
[BlackElo "2224"]
[Annotator "TA"]
[PlyCount "97"]
[EventDate "2020.10.26"]
[SourceTitle "playchess.com"]
[Source "ChessBase"]
[SourceQuality "1"]

1. d4 Nf6 2. Nf3 g6 3. c4 Bg7 4. Nc3 O-O 5. e4 d6 6. h3 e5 7. d5 a5 8. g4 Nfd7 9. Be3 Na6 10. a3 f5 11. gxf5 gxf5 12. Ng5 f4 13. Ne6 Qh4 14. Bd2 Rf7 15. Rg1 Ndc5 16. Ng5 Rf6 17. b4 Nd7 18. Rg4 Qh6 19. Ne6 Rxe6 20. dxe6 Qxe6 21. Qb3 Nf6 22. Rg1 Qf7 23. Qb1 c6 24. Na4 Be6 25. Nb6 Rb8 26. Qc2 Kh8 27. c5 dxc5 28. bxc5 Rd8 29. Bxa6 bxa6 30. Bc3 Qh5 31. Bb2 Bxh3 32. Nc4 Re8 33. Nd6 Rf8 34. Nc4 Re8 35. Rd1 Bg4 36. Rd6 Bf3 37. Nd2 Bg4 38. Rxc6 Qh2 39. Rf1 Bh3 40. Rd6 Bxf1 41. Nxf1 Qg2 42. Nd2 Ng4 43. Nf1 Ne3 44. Qd3 Nxf1 45. Qxf1 Qxe4+ 46. Kd2 Rb8 47. Kc1 Rc8 48. Bc3 Bf8 49. Qd1 1/2-1/2

[Event "FISU World University-ch 2020"]
[Site "Online"]
[Date "2020.10.26"]
[Round "2.8"]
[White "Ilyuchyk, Yana"]
[Black "Sadubayev, Airat"]
[Result "1-0"]
[WhiteElo "2119"]
[BlackElo "2190"]
[Annotator "TA"]
[PlyCount "99"]
[EventDate "2020.10.26"]
[SourceTitle "playchess.com"]
[Source "ChessBase"]
[SourceQuality "1"]

1. e4 c6 2. d4 d5 3. Nd2 dxe4 4. Nxe4 Bf5 5. Ng3 Bg6 6. Nf3 e6 7. h4 h6 8. h5 Bh7 9. Bd3 Bxd3 10. Qxd3 Nf6 11. Bd2 Be7 12. O-O-O O-O 13. Kb1 c5 14. Ne4 Nc6 15. Bc3 cxd4 16. Nxd4 Rc8 17. Nxc6 Rxc6 18. Qg3 Rxc3 19. Nxf6+ Bxf6 20. Rxd8 Rxg3 21. Rxf8+ Kxf8 22. fxg3 Ke7 23. Rd1 Be5 24. g4 b5 25. c3 a6 26. Kc2 f5 27. gxf5 exf5 28. b3 Kf6 29. c4 bxc4 30. bxc4 Kg5 31. Rh1 Bd4 32. Kd3 Bc5 33. Re1 Kxh5 34. Re5 Bb4 35. Rxf5+ Kg4 36. Rf3 h5 37. Kd4 g5 38. c5 Kh4 39. Kd5 g4 40. Rb3 Ba5 41. Kd6 Kg5 42. c6 h4 43. c7 Bxc7+ 44. Kxc7 Kf4 45. Kb6 g3 46. Kxa6 h3 47. gxh3 g2 48. Rb1 Kg3 49. Kb7 Kxh3 50. a4 1-0

[Event "FISU World University-ch 2020"]
[Site "Online"]
[Date "2020.10.26"]
[Round "2.9"]
[White "Akhmetov, Ayan"]
[Black "Suarez Gomez, Julio"]
[Result "0-1"]
[WhiteElo "2438"]
[BlackElo "2426"]
[Annotator "TA"]
[PlyCount "46"]
[EventDate "2020.10.26"]
[SourceTitle "playchess.com"]
[Source "ChessBase"]
[SourceQuality "1"]

1. e4 e6 2. d4 d5 3. Nd2 c5 4. exd5 exd5 5. Bb5+ Bd7 6. Bxd7+ Nxd7 7. Ne2 Ngf6 8. O-O Be7 9. dxc5 Nxc5 10. Re1 O-O 11. c3 Nd3 12. Rf1 Qb6 13. Nb3 Qa6 14. Nf4 Nxc1 15. Qxc1 Bd6 16. Rd1 Rad8 17. Nd4 Rfe8 18. Nf5 Bb8 19. Nd3 Ne4 20. Nb4 Qe6 21. Ne3 Qh6 22. Ng4 Qh4 23. f3 Bxh2+ 0-1

[Event "FISU World University-ch 2020"]
[Site "Online"]
[Date "2020.10.26"]
[Round "2.9"]
[White "Portela Peleteiro, Alberto"]
[Black "Mezentsev, Ivan"]
[Result "1-0"]
[WhiteElo "2366"]
[BlackElo "2354"]
[Annotator "TA"]
[PlyCount "111"]
[EventDate "2020.10.26"]
[SourceTitle "playchess.com"]
[Source "ChessBase"]
[SourceQuality "1"]

1. e4 c5 2. g3 Nc6 3. Bg2 g6 4. Ne2 Bg7 5. O-O d6 6. c3 e5 7. d3 Nge7 8. Be3 O-O 9. f4 Be6 10. h3 f5 11. Nd2 Kh8 12. Nf3 exf4 13. gxf4 Qd7 14. Ng5 Bg8 15. Qe1 Rae8 16. Qh4 c4 17. dxc4 fxe4 18. b3 Nf5 19. Qf2 Re7 20. Rad1 Rfe8 21. Ng3 h6 22. Nxf5 Qxf5 23. Qh4 Qf6 24. Rf2 Qxc3 25. Re2 Qf6 26. Red2 Qc3 27. Re2 Nd4 28. Bxd4 Bxd4+ 29. Kh1 Bg7 30. Nxe4 Qa5 31. Bf3 d5 32. Ng3 Rxe2 33. Bxe2 Qxa2 34. Qg4 Qa6 35. cxd5 Qd6 36. Bc4 a6 37. Kh2 b5 38. Be2 Re3 39. b4 Rb3 40. Bf3 Rb2+ 41. Kh1 Rxb4 42. Ne4 Qd8 43. d6 Bb3 44. Rd2 Kh7 45. Nc5 Bf7 46. d7 Bf6 47. Nb7 Qe7 48. Re2 Rb1+ 49. Kg2 Qf8 50. Rd2 Bd8 51. Be4 Qe7 52. Bxb1 Qe1 53. Rd1 Bd5+ 54. Rxd5 Bb6 55. Qxg6+ Kh8 56. Qh7# 1-0

[Event "FISU World University-ch 2020"]
[Site "Online"]
[Date "2020.10.26"]
[Round "2.9"]
[White "Rakhimzhan, Alen"]
[Black "Abal Cores, Lucas"]
[Result "1/2-1/2"]
[WhiteElo "2273"]
[BlackElo "2315"]
[Annotator "TA"]
[PlyCount "63"]
[EventDate "2020.10.26"]
[SourceTitle "playchess.com"]
[Source "ChessBase"]
[SourceQuality "1"]

1. d4 f5 2. c4 Nf6 3. Nc3 d6 4. Nf3 g6 5. g3 Bg7 6. Bg2 O-O 7. O-O Nc6 8. Re1 e5 9. dxe5 dxe5 10. Qxd8 Rxd8 11. e4 fxe4 12. Nxe4 Nxe4 13. Rxe4 Bf5 14. Re1 Nb4 15. Bg5 Re8 16. Rad1 h6 17. Be3 Rad8 18. Nh4 Nc2 19. Rxd8 Rxd8 20. Rc1 Nxe3 21. fxe3 Rd2 22. b3 Bd3 23. Bxb7 h5 24. Bd5+ Kh7 25. Nf3 Rxa2 26. Ng5+ Kh6 27. Nf7+ Kh7 28. Ng5+ Kh6 29. Nf7+ Kh7 30. Ng5+ Kh6 31. Nf7+ Kh7 32. Ng5+ 1/2-1/2

[Event "FISU World University-ch 2020"]
[Site "Online"]
[Date "2020.10.26"]
[Round "2.9"]
[White "Garcia Alvarez, Paula"]
[Black "Muratova, Anel"]
[Result "0-1"]
[WhiteElo "1661"]
[BlackElo "1753"]
[Annotator "NA RC"]
[PlyCount "100"]
[EventDate "2020.10.26"]
[SourceTitle "playchess.com"]
[Source "ChessBase"]
[SourceQuality "1"]

1. b3 e5 2. Bb2 d6 3. e3 Nf6 4. Ne2 g6 5. f4 exf4 6. Nxf4 Bg7 7. Be2 O-O 8. O-O Nbd7 9. Na3 Ne5 10. Nc4 Qe7 11. Nxe5 dxe5 12. Nd3 Ne4 13. Bf3 Ng5 14. e4 Bd7 15. Qe1 Bc6 16. a4 Rfe8 17. Ba3 Qd7 18. Qe3 Bh6 19. Nc5 Qd8 20. Qe2 b6 21. Nd3 Qd4+ 22. Kh1 Bxe4 23. Bxe4 Qxe4 24. Rae1 Qxe2 25. Rxe2 e4 26. Nf2 f5 27. Nd1 Ne6 28. Bb2 Nf4 29. Ref2 Nd5 30. g3 Nb4 31. Ne3 Rad8 32. Bc3 a5 33. h3 c6 34. Kg2 Rd7 35. Re1 Red8 36. Ree2 Nd5 37. Nxd5 Rxd5 38. Kf1 Bg7 39. Bxg7 Kxg7 40. Kg2 h5 41. Kf1 b5 42. axb5 cxb5 43. Ke1 a4 44. bxa4 bxa4 45. Re3 Rc5 46. Kd1 Rdc8 47. d4 Rc3 48. Rxc3 Rxc3 49. Kd2 Rxg3 50. c4 e3+ 0-1

[Event "FISU World University-ch 2020"]
[Site "Online"]
[Date "2020.10.26"]
[Round "2.10"]
[White "Chylewski, Patryk"]
[Black "Srija, Seshadri"]
[Result "1-0"]
[WhiteElo "2330"]
[BlackElo "2219"]
[Annotator "TA"]
[PlyCount "145"]
[EventDate "2020.10.26"]
[SourceTitle "playchess.com"]
[Source "ChessBase"]
[SourceQuality "1"]

1. d4 d5 2. c4 e6 3. Nf3 Nf6 4. g3 Bb4+ 5. Bd2 Be7 6. Bg2 O-O 7. Qc2 c6 8. O-O Nbd7 9. Bf4 b6 10. Nc3 Ba6 11. cxd5 cxd5 12. Rac1 b5 13. a3 Rc8 14. Qb3 Qb6 15. Rfd1 Nb8 16. Ne5 Nc6 17. Nxc6 Rxc6 18. e4 dxe4 19. Nxe4 Rxc1 20. Bxc1 Rd8 21. Nxf6+ Bxf6 22. d5 Bd4 23. Be3 Bxe3 24. Qxe3 Qxe3 25. fxe3 exd5 26. Rxd5 Rxd5 27. Bxd5 Kf8 28. Kf2 Ke7 29. Kf3 f6 30. Ke4 Kd6 31. Kd4 Bc8 32. Be4 h6 33. Bd3 Bd7 34. Be2 Bc6 35. Bg4 Be8 36. Bc8 a5 37. Bf5 Bc6 38. Bd3 Bd7 39. Bc2 Bc6 40. b4 axb4 41. axb4 Bd7 42. Bb3 Bc6 43. Ba2 Bd7 44. Ke4 Bc8 45. Bf7 f5+ 46. Kd4 Bd7 47. Bg6 Be6 48. Be8 Bc4 49. Bh5 Be6 50. Be2 Bd7 51. Bd3 g6 52. h4 Be8 53. h5 gxh5 54. Bxf5 Bf7 55. Bd3 Be8 56. Bf5 Bf7 57. e4 Be8 58. e5+ Kc6 59. Be4+ Kd7 60. Bd5 Bg6 61. Kc5 Bd3 62. Bc6+ Ke6 63. Bxb5 Be4 64. Kd4 Bb7 65. Be2 Kf5 66. Bxh5 Kg5 67. Be2 Kf5 68. b5 Bg2 69. b6 Bb7 70. Bd3+ Ke6 71. Be4 Ba6 72. b7 Bxb7 73. Bxb7 1-0

[Event "FISU World University-ch 2020"]
[Site "Online"]
[Date "2020.10.26"]
[Round "2.10"]
[White "Kiolbasa, Oliwia"]
[Black "Muthaiah AL"]
[Result "1-0"]
[WhiteElo "2260"]
[BlackElo "2400"]
[Annotator "TA"]
[PlyCount "79"]
[EventDate "2020.10.26"]
[SourceTitle "playchess.com"]
[Source "ChessBase"]
[SourceQuality "1"]

1. e4 c6 2. d4 d5 3. Nd2 dxe4 4. Nxe4 Nf6 5. Nxf6+ exf6 6. c3 Bd6 7. Bd3 O-O 8. Ne2 Re8 9. Qc2 h5 10. Be3 Nd7 11. O-O-O b5 12. d5 cxd5 13. Bxb5 Bb7 14. Nd4 g6 15. h3 Qc7 16. g4 h4 17. Rhe1 a6 18. Ba4 Re7 19. Nf3 Nc5 20. Nxh4 Bf4 21. Ng2 Bxe3+ 22. Nxe3 Nxa4 23. Qxa4 Rae8 24. Nxd5 Bxd5 25. Rxe7 Rxe7 26. Rxd5 Qh2 27. Rd2 Qxh3 28. Qf4 Kg7 29. g5 fxg5 30. Qxg5 f6 31. Qf4 g5 32. Qd6 Re1+ 33. Kc2 Qf5+ 34. Qd3 Qa5 35. Qd7+ Kg6 36. Rd5 Qb6 37. Qf5+ Kh6 38. Rd7 Re2+ 39. Kd1 Re7 40. Qh3+ 1-0

[Event "FISU World University-ch 2020"]
[Site "Online"]
[Date "2020.10.26"]
[Round "2.10"]
[White "Senthil Maran K"]
[Black "Kokoszczynski, Jan"]
[Result "1/2-1/2"]
[WhiteElo "2246"]
[BlackElo "2221"]
[Annotator "TA"]
[PlyCount "67"]
[EventDate "2020.10.26"]
[SourceTitle "playchess.com"]
[Source "ChessBase"]
[SourceQuality "1"]

1. d4 Nf6 2. c4 e6 3. g3 d5 4. Bg2 Bb4+ 5. Nd2 O-O 6. Ngf3 dxc4 7. O-O b5 8. a4 c6 9. Qc2 a5 10. b3 c3 11. Nb1 bxa4 12. bxa4 Ba6 13. Nxc3 Bxc3 14. Qxc3 Bxe2 15. Re1 Nd5 16. Qc2 Bxf3 17. Bxf3 Qf6 18. Be4 h6 19. Ba3 Rd8 20. Red1 Nd7 21. Rab1 Rdc8 22. Rb3 Qd8 23. Rdb1 N7f6 24. Bf3 Rab8 25. Bc5 Rxb3 26. Qxb3 Nd7 27. Bd6 N7b6 28. Bc5 Nd7 29. Bd6 N7b6 30. Bc5 Nd7 31. Bd6 N7b6 32. Bc5 Nd7 33. Bd6 N7b6 34. Bc5 1/2-1/2

[Event "FISU World University-ch 2020"]
[Site "Online"]
[Date "2020.10.26"]
[Round "2.10"]
[White "Varshini, V."]
[Black "Sliwicka, Alicja"]
[Result "1-0"]
[WhiteElo "2226"]
[BlackElo "2311"]
[Annotator "TA"]
[PlyCount "71"]
[EventDate "2020.10.26"]
[SourceTitle "playchess.com"]
[Source "ChessBase"]
[SourceQuality "1"]

1. e4 c5 2. Nc3 Nc6 3. Nge2 e5 4. g3 Nge7 5. Bg2 g6 6. O-O Bg7 7. f4 d6 8. d3 O-O 9. Be3 b6 10. f5 f6 11. g4 Nd4 12. Ng3 Bb7 13. Nd5 b5 14. c3 Ndc6 15. Nxe7+ Nxe7 16. Qb3+ Kh8 17. Qxb5 Rb8 18. Qa4 Bc6 19. Qc2 Qa5 20. b3 d5 21. Bd2 Qb6 22. Kh1 Rfd8 23. g5 Ng8 24. Qc1 dxe4 25. dxe4 Rd3 26. gxf6 Nxf6 27. Bh6 Qb7 28. Bxg7+ Qxg7 29. Qg5 Rxg3 30. Qxg3 Nxe4 31. Qe3 gxf5 32. Rxf5 Qb7 33. Re1 Nf6 34. Bxc6 Qxc6+ 35. Qf3 Nd5 36. Rf8+ 1-0

[Event "FISU World University-ch 2020"]
[Site "Online"]
[Date "2020.10.26"]
[Round "2.11"]
[White "Gomez Sanchez, Jorge Marcos"]
[Black "Tomaszewski, Kacper"]
[Result "1/2-1/2"]
[WhiteElo "2352"]
[BlackElo "2320"]
[Annotator "TA"]
[PlyCount "207"]
[EventDate "2020.10.26"]
[SourceTitle "playchess.com"]
[Source "ChessBase"]
[SourceQuality "1"]

1. Nf3 Nf6 2. g3 g6 3. b3 Bg7 4. Bb2 d5 5. Bg2 O-O 6. c4 c5 7. cxd5 Nxd5 8. Bxg7 Kxg7 9. O-O Nc6 10. d4 cxd4 11. Nxd4 Nxd4 12. Qxd4+ Nf6 13. Qe5 Qd6 14. Qxd6 exd6 15. Rd1 Bg4 16. Nc3 Rac8 17. Rac1 Rc7 18. h3 Bd7 19. Nd5 Nxd5 20. Bxd5 Rfc8 21. Rxc7 Rxc7 22. Bf3 Bc6 23. Rxd6 Bxf3 24. exf3 Rc2 25. Rd7 Rxa2 26. Rxb7 Rb2 27. Kg2 a5 28. Rb5 h5 29. f4 Ra2 30. g4 hxg4 31. hxg4 a4 32. g5 axb3 33. Rxb3 Ra5 34. Kg3 Ra1 35. Rb5 Rg1+ 36. Kf3 Kg8 37. Ra5 Kg7 38. Ra2 Kg8 39. Ke4 Re1+ 40. Kd3 Kg7 41. Re2 Rd1+ 42. Ke4 Rg1 43. Re3 Rg2 44. Kf3 Rg1 45. Re8 Kh7 46. Re7 Kg7 47. Re3 Kg8 48. Ke2 Rg4 49. Rf3 Kg7 50. Ke3 Rg1 51. Rg3 Re1+ 52. Kf3 Ra1 53. Kg4 Ra4 54. Rb3 Ra2 55. Rf3 Ra4 56. Re3 Ra2 57. Kf3 Rb2 58. Re5 Rb3+ 59. Kg4 Rb4 60. f3 f5+ 61. gxf6+ Kxf6 62. Ra5 Rb6 63. f5 gxf5+ 64. Rxf5+ Kg7 65. Rg5+ Kf7 66. Ra5 Rc6 67. Rf5+ Kg7 68. Kf4 Ra6 69. Rd5 Kf7 70. Ke4 Ra4+ 71. Kf5 Ra6 72. Rd7+ Kf8 73. f4 Rb6 74. Kg5 Ra6 75. Rb7 Rc6 76. Ra7 Rb6 77. f5 Rc6 78. Ra5 Kf7 79. Rb5 Ra6 80. Rb7+ Kf8 81. Rh7 Rb6 82. Rh2 Ra6 83. f6 Ra1 84. Rh8+ Kf7 85. Rh7+ Kf8 86. Rh4 Rg1+ 87. Kf5 Rf1+ 88. Ke6 Re1+ 89. Kf5 Rf1+ 90. Kg5 Rg1+ 91. Rg4 Rxg4+ 92. Kxg4 Kf7 93. Kf5 Kf8 94. Kg5 Kf7 95. Kf5 Kf8 96. Ke6 Ke8 97. Kf5 Kf7 98. Kg5 Kf8 99. Kg6 Kg8 100. Kh6 Kf7 101. Kg5 Kf8 102. Kg6 Kg8 103. f7+ Kf8 104. Kf6 1/2-1/2

[Event "FISU World University-ch 2020"]
[Site "Online"]
[Date "2020.10.26"]
[Round "2.11"]
[White "Walter, Szymon"]
[Black "La Villa Rivas, Marlon Javier"]
[Result "1/2-1/2"]
[WhiteElo "2276"]
[BlackElo "2233"]
[Annotator "TA"]
[PlyCount "87"]
[EventDate "2020.10.26"]
[SourceTitle "playchess.com"]
[Source "ChessBase"]
[SourceQuality "1"]

1. e4 c5 2. Nf3 Nc6 3. d4 cxd4 4. Nxd4 Nf6 5. Nc3 d6 6. Bg5 e6 7. Qd2 a6 8. O-O-O Bd7 9. f3 Be7 10. h4 h6 11. Be3 b5 12. Nxc6 Bxc6 13. Bd3 Rc8 14. Kb1 d5 15. e5 Nd7 16. f4 Nc5 17. Qf2 Nxd3 18. cxd3 b4 19. Ne2 b3 20. axb3 Rb8 21. Nd4 Bd7 22. g4 Bc5 23. f5 Bxd4 24. Bxd4 Rxb3 25. g5 h5 26. g6 exf5 27. gxf7+ Kxf7 28. e6+ Bxe6 29. Qg3 Rg8 30. Rhg1 g5 31. hxg5 Rg6 32. Qh4 Rb4 33. Qf2 Ra4 34. Bf6 Qd7 35. d4 f4 36. b3 Rb4 37. Kb2 Qb5 38. Qc2 Rc4 39. Qd3 Rc7 40. Qxb5 axb5 41. Be5 Ra7 42. Bxf4 Bg4 43. Rdf1 Kg8 44. Ra1 1/2-1/2

[Event "FISU World University-ch 2020"]
[Site "Online"]
[Date "2020.10.26"]
[Round "2.11"]
[White "Rodriguez Dominguez, Melissa"]
[Black "Dzierzak, Radoslaw"]
[Result "0-1"]
[WhiteElo "2103"]
[BlackElo "2252"]
[Annotator "TA"]
[PlyCount "88"]
[EventDate "2020.10.26"]
[SourceTitle "playchess.com"]
[Source "ChessBase"]
[SourceQuality "1"]

1. e4 c5 2. Nf3 e6 3. d4 cxd4 4. Nxd4 Nc6 5. Nc3 Qc7 6. Be3 a6 7. Be2 Nf6 8. O-O Bb4 9. f3 d5 10. exd5 exd5 11. Kh1 O-O 12. Bg5 Qe5 13. Nxc6 bxc6 14. Bd2 Bd6 15. f4 Qe7 16. Bf3 Qc7 17. a3 a5 18. Be2 Bf5 19. g4 Be4+ 20. Bf3 Rfe8 21. g5 Bxf3+ 22. Qxf3 Ne4 23. Nxe4 Rxe4 24. Rae1 Rae8 25. Rxe4 Rxe4 26. Rf2 a4 27. Kg2 g6 28. h4 Qb8 29. Bc1 Qe8 30. Bd2 Bc5 31. f5 Bxf2 32. Kxf2 Qe5 33. fxg6 hxg6 34. Be3 Rxh4 35. Kf1 Qf5 36. Qxf5 gxf5 37. Ke2 Kh7 38. b3 Kg6 39. bxa4 Rxa4 40. Bc1 f4 41. Kf3 Kxg5 42. c3 Rc4 43. Bd2 Kf5 44. Be1 Ra4 0-1

[Event "FISU World University-ch 2020"]
[Site "Online"]
[Date "2020.10.26"]
[Round "2.11"]
[White "Cieslak, Wiktoria"]
[Black "Fernandez Bustamante, Leancy B."]
[Result "0-1"]
[WhiteElo "2010"]
[BlackElo "2080"]
[Annotator "TA"]
[PlyCount "112"]
[EventDate "2020.10.26"]
[SourceTitle "playchess.com"]
[Source "ChessBase"]
[SourceQuality "1"]

1. e4 c5 2. Nf3 a6 3. c3 d5 4. exd5 Qxd5 5. d4 Bg4 6. Be2 Nf6 7. O-O e6 8. h3 Bh5 9. Be3 cxd4 10. Nxd4 Bxe2 11. Qxe2 Nc6 12. Nxc6 Qxc6 13. Nd2 Bd6 14. Nb3 O-O 15. Rad1 Bc7 16. Bg5 Nd5 17. Rd4 h6 18. Bh4 Nf4 19. Qe4 Qxe4 20. Rxe4 Ng6 21. f3 Nxh4 22. Rxh4 Rfd8 23. Rc4 Rac8 24. Rb4 b5 25. Kf2 Rd5 26. Ke2 Rcd8 27. Rd4 Bb6 28. Rxd5 Rxd5 29. f4 Kf8 30. Rf3 Ke7 31. Nc1 e5 32. fxe5 Rxe5+ 33. Kd2 f5 34. Nd3 Rd5 35. Kc2 a5 36. Nf4 Rd8 37. g4 fxg4 38. hxg4 Rd6 39. Nh5 g6 40. Ng3 Re6 41. Kb3 Re3 42. Rxe3+ Bxe3 43. c4 bxc4+ 44. Kxc4 Kf6 45. Kb5 Kg5 46. Kxa5 Kxg4 47. Nf1 Bf4 48. Kb4 Kf3 49. a4 Kf2 50. a5 Kxf1 51. a6 Be3 52. Ka5 h5 53. b4 h4 54. b5 h3 55. b6 h2 56. b7 Ba7 0-1